| 000 | 01637cam a2200445 a 4500 | ||
|---|---|---|---|
| 001 | 21547 | ||
| 003 | VRT | ||
| 005 | 20260305082140.0 | ||
| 008 | 240801s1999 xo a gr 0000p slo | ||
| 015 | _aSNBA2000/03-00972 | ||
| 020 |
_a8085507773 _q(viaz.) |
||
| 035 | _aSNK000335568 | ||
| 039 | 9 |
_a202409261410 _bmsnk167 _c202409100734 _dAUTHORITY _c202409100732 _dAUTHORITY _c202409100720 _dAUTHORITY |
|
| 040 |
_aSNK _bslo _cSNK _eAACR2 |
||
| 041 | 0 | _axo | |
| 044 |
_axo _cSK |
||
| 072 | 7 |
_a821.162.4-3 _xSlovenská próza _2konspekt |
|
| 072 | 7 |
_a821-93 _xLiteratúra pre deti a mládež (beletria) _2konspekt |
|
| 080 |
_a821.162.4-34 _22011 |
||
| 080 |
_a82-93-053.4/.5 _22011 |
||
| 100 | 1 |
_aRúfus, Milan, _d1928-2009 _4aut |
|
| 245 | 1 | 0 |
_aMechúrik Koščúrik s kamarátmi _cMilan Rúfus ; ilustrovala Oľga Bajusová |
| 260 |
_aBratislava _bBuvik _c1999 |
||
| 300 |
_a[46] s. _bfareb. ilustr. _c19 cm |
||
| 490 | 1 | _aPramienok | |
| 500 | _aIlustr. na tit. strane a predsádkach | ||
| 500 | _aCelkove 2. vyd. | ||
| 655 | 7 |
_aslovenské rozprávky _2SNKPH |
|
| 655 | 7 |
_averšované rozprávky _2SNKPH |
|
| 655 | 7 |
_aliteratúra pre deti _2SNKPH |
|
| 700 | 1 |
_aBajusová, Oľga, _d1954-2012 _4ill |
|
| 830 | 0 | _aPramienok | |
| 942 |
_2ddc _cKLDE _n0 |
||
| 949 |
_617A0226228 _9P60, <03>, [BOOK], {603} _asnkSD 70600 _bsnkKSP 1160/2000 |
||
| 949 |
_617A0226229 _9P60, <04>, [BOOK], {604} _asnkSD 70600 D1 _bsnkKSP 1161/2000 |
||
| 949 |
_6270001000279866 _asvkbbA 114158 _bsvkbbm 669716 _oTL; |
||
| 949 |
_6273K0115120 _asvkpoA 176498 _bsvkpo438920 |
||
| 999 |
_c21547 _d21547 |
||